[Event "NED-ch U13"]
[Site "Rijswijk"]
[Date "2007.05.17"]
[Round "1"]
[White "Ng, Wesley"]
[Black "Meng, Roger"]
[Result "0-1"]
[WhiteElo "1399"]
[BlackElo "1794"]
[PlyCount "76"]
[EventDate "2007.05.17"]
[EventType "swiss"]
[EventRounds "9"]
[EventCountry "NED"]
[SourceTitle "EXT 2009"]
[Source "ChessBase"]
[SourceDate "2008.11.26"]
[SourceVersion "1"]
[SourceVersionDate "2008.11.26"]
[SourceQuality "1"]

1. e4 c5 2. Nf3 d6 3. d4 cxd4 4. Nxd4 Nf6 5. Nc3 g6 6. Be2 Bg7 7. Be3 0-0 8. Qd2 Nc6 9. Nf3 Ng4 10. Bf4 Be6 11. h3 Nge5 12. Bh6 Nc4 13. Bxc4 Bxc4 14. Bxg7 Kxg7 15. h4 h5 16. 0-0-0 Qa5 17. Kb1 Rac8 18. Rdg1 b5 19. b3 Be6 20. Ne2 Nb4 21. c3 Na6 22. Kb2 b4 23. c4 Qa3+ 24. Kb1 Nc5 25. Ng3 Rh8 26. Rd1 Qa5 27. Nd4 Qb6 28. Qb2 Kg8 29. Rhf1 a5 30. Qd2 a4 31. Kb2 Qb7 32. f3 Kg7 33. Nc2 axb3 34. axb3 Nxb3 35. Qxb4 Qxb4 36. Nxb4 Bxc4 37. Rf2 Nc5 38. Rc2 Bb3 0-1

[Event "NED-ch U13"]
[Site "Rijswijk"]
[Date "2007.05.17"]
[Round "3"]
[White "Ng, Wesley"]
[Black "Roeleveld, Koos"]
[Result "1-0"]
[WhiteElo "1399"]
[BlackElo "1311"]
[PlyCount "69"]
[EventDate "2007.05.17"]
[EventType "swiss"]
[EventRounds "9"]
[EventCountry "NED"]
[SourceTitle "EXT 2009"]
[Source "ChessBase"]
[SourceDate "2008.11.26"]
[SourceVersion "1"]
[SourceVersionDate "2008.11.26"]
[SourceQuality "1"]

1. e4 e5 2. Nf3 Nc6 3. d4 exd4 4. Nxd4 Bc5 5. Be3 d6 6. Nxc6 bxc6 7. Bxc5 dxc5 8. Qxd8+ Kxd8 9. Nc3 Nf6 10. Bc4 Be6 11. Bxe6 fxe6 12. 0-0-0+ Ke7 13. f3 a5 14. Na4 c4 15. Rd4 Rab8 16. Rxc4 Rb4 17. Rxb4 axb4 18. b3 Kf7 19. Rd1 Ke7 20. Nc5 Ra8 21. Kb2 Rb8 22. Na6 Rb7 23. Rd4 Kf7 24. Rc4 Rb5 25. Rxb4 Rh5 26. Nxc7 Rxh2 27. a4 Rxg2 28. a5 Rg5 29. a6 Ra5 30. Rb7 h5 31. a7 h4 32. Na6+ Kg6 33. a8Q h3 34. Qb8 Rh5 35. Qg3+ 1-0